000
00313nam a22001337a 4500
020
_q
HB.
040
_c
FIZZA ISHAQ
082
_a
624.151
_b
VNS
100
_a
MURTHY,S.N.V.
_9
90673
245
_a
GEOTECHNICAL ENGINEERING /
_c
V.N.S.MURTHY
260
_a
CRC PRESS ;
_c
2009.
300
_a
1029 P. ;
942
_2
ddc
_c
BK
999
_c
588864
_d
588864